Oscar for Best Cinematography - Statistics

General Stats
  • This quiz has been taken 428 times
    17 since last reset
  • The average score is 19 of 128
Answer Stats
Year Best Cinematography Winner % Correct
2025 Sinners
100%
2023 Oppenheimer
89%
2021 Dune
67%
2001 Lord of the Rings: The Fellowship of the Ring
67%
1993 Schindler's List
67%
2015 The Revenant
67%
1999 American Beauty
56%
1959 Ben-Hur
56%
2014 Birdman
56%
1939 Gone With the Wind
56%
2008 Slumdog Millionaire
56%
2024 The Brutalist
56%
2007 There Will Be Blood
56%
1997 Titanic
56%
1995 Braveheart
44%
1990 Dances With Wolves
44%
2013 Gravity
44%
2010 Inception
44%
2016 La La Land
44%
1962 Lawrence of Arabia
44%
1996 The English Patient
44%
2019 1917
33%
2022 All Quiet on the Western Front
33%
1982 Gandhi
33%
1985 Out of Africa
33%
2018 Roma
33%
1957 The Bridge on the River Kwai
33%
1987 The Last Emperor
33%
1961 West Side Story
33%
1979 Apocalypse Now
22%
1956 Around the World in 80 Days
22%
2009 Avatar
22%
2017 Blade Runner 2049
22%
1934 | 1963 Cleopatra
22%
1965 Doctor Zhivago
22%
1958 Gigi
22%
1991 JFK
22%
2012 Life of Pi
22%
1940 Rebecca
22%
1998 Saving Private Ryan
22%
1960 Spartacus
22%
1966 A Man for All Seasons
11%
1951 An American in Paris
11%
1937 A Star is Born
11%
1975 Barry Lyndon
11%
1947 Black Narcissus
11%
1969 Butch Cassidy and the Sundance Kid
11%
2000 Crouching Tiger Hidden Dragon
11%
1953 From Here to Eternity
11%
1941 How Green Was My Valley
11%
2003 Master and Commander: The Far Side of the World
11%
1942 Mrs. Miniver
11%
1954 On the Waterfront
11%
2006 Pan's Labyrinth
11%
1968 Romeo and Juliet
11%
2004 The Aviator
11%
1942 The Black Swan
11%
1933 A Farewell to Arms
0%
1935 A Midsummer Night's Dream
0%
1946 Anna and the King of Siam
0%
1936 Anthony Adverse
0%
1951 A Place in the Sun
0%
1992 A River Runs Through It
0%
1949 Battleground
0%
1941 Blood and Sand
0%
1967 Bonnie and Clyde
0%
1976 Bound for Glory
0%
1972 Cabaret
0%
1977 Close Encounters of the Third Kind
0%
1973 Cries and Whispers
0%
1978 Days of Heaven
0%
1983 Fanny and Alexander
0%
1971 Fiddler on the Roof
0%
1989 Glory
0%
1947 Great Expectations
0%
1963 Hud
0%
2011 Hugo
0%
1948 Joan of Arc
0%
1950 King Solomon's Mines
0%
1944 Laura
0%
1945 Leave Her to Heaven
0%
1994 Legends of the Fall
0%
2020 Mank
0%
2005 Memoirs of a Geisha
0%
1988 Mississippi Burning
0%
1964 My Fair Lady
0%
1943 Phantom of the Opera
0%
1981 Reds
0%
2002 Road to Perdition
0%
1970 Ryan's Daughter
0%
1953 Shane
0%
1932 Shanghai Express
0%
1949 She Wore a Yellow Ribbon
0%
1965 Ship of Fools
0%
1956 Somebody Up There Likes Me
0%
1960 Sons and Lovers
0%
1928 Sunrise: A Song of Two Humans
0%
1938 Sweethearts
0%
1931 Tabu: A Story of the South Seas
0%
1980 Tess
0%
1952 The Bad and the Beautiful
0%
1958 The Defiant Ones
0%
1959 The Diary of Anne Frank
0%
1936 The Garden of Allah
0%
1937 The Good Earth
0%
1938 The Great Waltz
0%
1961 The Hustler
0%
1984 The Killing Fields
0%
1962 The Longest Day
0%
1986 The Mission
0%
1948 The Naked City
0%
1945 The Picture of Dorian Gray
0%
1952 The Quiet Man
0%
1955 The Rose Tattoo
0%
1943 The Song of Bernadette
0%
1940 The Thief of Bagdad
0%
1950 The Third Man
0%
1974 The Towering Inferno
0%
1946 The Yearling
0%
1954 Three Coins in the Fountain
0%
1955 To Catch a Thief
0%
1929 White Shadows in the South Seas
0%
1966 Who's Afraid of Virginia Woolf
0%
1944 Wilson
0%
1930 With Byrd at the South Pole
0%
1939 Wuthering Heights
0%
1964 Zorba the Greek
0%
No matching quizzes found
Score Distribution
Percent of People with Each Score
Percentile by Number Answered
Your Score History
You have not taken this quiz since the last reset